Beer consumption around the world Quiz Stats

Quiz not verified by Sporcle

Challenge
Share
Tweet
Embed
Score 0/20 Timer 05:00
0 Plays Today
litres of beer per capita Country % Correct
110Germany
96.6%
81.6United States
94.5%
99United Kingdom
93.8%
131.1Ireland
91.1%
83.8Spain
88.4%
108.3Austria
84.2%
104.7Australia
84.2%
95Poland
84.2%
158.6Czech Republic
81.5%
81Belgium
79.5%
litres of beer per capita Country % Correct
89.9Denmark
78.1%
77Netherlands
75.3%
75.5New Zealand
73.3%
85Finland
67.8%
75.3Hungary
65.8%
84.1Slovakia
65.1%
84.4Luxembourg
58.9%
81.2Croatia
50.7%
76Lithuania
46.6%
80Estonia
45.9%

You're not logged in!

Compare scores with friends on all Sporcle quizzes.
Sign Up with Email
OR
Log In

You Might Also Like...

Show Comments

Extras

Top Quizzes Today


Score Distribution

Your Account Isn't Verified!

In order to create a playlist on Sporcle, you need to verify the email address you used during registration. Go to your Sporcle Settings to finish the process.